000 00678cam a2200229 a 4500
001 000007937
005 20200929154346.0
008 890408s1988 sp b 000 f spa
020 _a8432204382
040 _aDO-SdBNP
_cDLC
_dBNPHU
082 _a863.64
_bG724r, 1988
100 1 _aGoytisolo, Juan.
_93544
245 1 0 _aReivindicación del conde don Julián /
_cJuan Goytisolo.
250 _a4a ed.
260 _aBarcelona :
_bSeix Barral,
_c1988.
300 _a242 p. ;
_c20 cm.
490 1 _aBiblioteca Breve
650 4 _aNovela española
_91123
650 4 _aLiteratura española
_ySIGLO XX
_93326
830 0 _aBiblioteca Breve
_913442
910 _aCatalogación derivada
999 _c7715
_d7715